The Big Lebowski A-Z - Statistics

General Stats
  • This quiz has been taken 618 times
    33 since last reset
  • The average score is 10 of 26
Answer Stats
Clue Answer % Correct
E The Dude despises this band. Eagles
77%
O That's like your _______, man. opinion
77%
C The Dude is an avid fan of this band. Creedence
65%
N It must be exhausting. nihilism
58%
M The Dude was a roadie for this band Metallica
55%
Y Calmer than... you are
55%
Z Mark it... zero
52%
G Obviously you're not a... golfer
48%
I Eating establishment on Camrose In-N-Out Burger
48%
H Theme song for Jesus Hotel California
45%
P What Walter calls Jesus pederast
45%
L Film-within-a-film in which he "fixes the cable" Logjammin'
42%
A The techno-pop band that recorded Nagelbett Autobahn
39%
R Supermarket where one could buy a receptacle Ralphs
35%
Q Last name of Jesus Quintana
32%
V Father's weakness is... vanity
32%
F Don't be ________, Jeffrey. fatuous
29%
J He believes the brain is the biggest erogenous zone. Jackie Treehorn
29%
S Sioux City makes a good one of these. sarsaparilla
26%
T In college, the Dude smoked a lot of this. Thai stick
26%
U His stage name is Karl Hungus. Uli Kunkel
26%
W Where Mr. Lebowski is in seclusion West Wing
26%
B Arthur Digby Sellers wrote 156 episodes of this show. Bulk of the series. Branded
23%
X What the answer to letter J produces X-rated films
23%
D Brother Seamus who works for the Knudsens Da Fino
16%
K The video artist Knox Harrington
10%
No matching quizzes found
Score Distribution
Percent of People with Each Score
Percentile by Number Answered
Your Score History
You have not taken this quiz since the last reset